000 00605nam a22002057a 4500
999 _c5923
_d5923
003 AR-CdUCM
008 190313b ||||| |||| 00| 0 spa d
040 _aMUNICIPALIDAD PROVINCIAL DEL CUSCO
_cBIBLIOTECA MUNICIPAL DEL CUSCO
082 _a869.56 /
_bM43
100 _aMercado, Guillermo
_9952
245 _aErosion /
260 _aArequipa-Perú :
_bEl Sol ;
_c1969.
300 _a101 páginas ;
_c21cm
500 _aDonación de la familia Nieto
505 _aContenido: Poemas
650 _aPoemas peruanos
_91040
650 _aLiteratura peruana
_97175
942 _2ddc
_cLIBROS
945 _anom